000 00680nam a22001577a 4500
003 OSt
005 20150915103632.0
008 150915b xxu||||| |||| 00| 0 eng d
040 _cRUA
082 _aAGR CHO 1999 B024 Or.1
100 _9496
_aCHOU, RADINE.
245 _aOmission trial on rice corn and soybean at classhouse​ ការសិក្សាអំពីរោគសញ្ញានៃកង្វះអាហារធាតុលើដំណាំស្រូវ ពោត និងសណ្ដែកសៀងក្នុងលក្ខខ័ណ្ឌផ្ទះកញ្ចក់
260 _aPhnom Penh
_bRUA
_c1999
300 _a85p.
_bill.
_c29cm.
942 _2ddc
_cAGR
999 _c475
_d475